Häufigste Schreibfehler mit R (Multiple Choice) - Statistiken

Allgemein
  • Dieses Quiz wurde 35 mal gespielt
  • Das Durchschnittsergebnis liegt bei 6 aus 10
Antwortstatistiken
Frage Antwort % Korrekt
Welche Schreibweise ist richtig? Rentier
89%
Welche Schreibweise ist richtig? Reparatur
86%
Welche Schreibweise ist richtig? Rhythmus
75%
Welche Schreibweise ist richtig? revanchieren
68%
Welche Schreibweise ist richtig? Rhetorik
68%
Welche Schreibweise ist richtig? Rückgrat
68%
Welche Schreibweise ist richtig? Reflexion
50%
Welche Schreibweise ist richtig? Reling
50%
Welche Schreibweise ist richtig? Renommee
39%
Welche Schreibweise ist richtig? Rehabilitand
14%
Keine übereinstimmenden Quizze gefunden
Verteilung der Resultate
Anzahl Personen mit jedem Resultat
Perzentil nach korrekt beantworteten Fragen
Ihre Resultats-Entwicklung
Sie haben dieses Quiz noch nicht gespielt